Poplatky, poplatky, och tie poplatky... sú v kolektívnom investovaní vysoké alebo nízke?
Poplatky spojené s investovaním do fondov. Ukazovatele nákladovosti pre vybrané krajiny a typy fondov. Správcovský poplatok za manažérske služby (management fees, skratka MGT). Ukazovatele TER (total expense ratio) a TSC (total shareholder charges). Medzinárodná asociácia EFAMA (European Fund and As...
Uložené v:
| Hlavný autor: | |
|---|---|
| Médium: | Kapitola |
| Jazyk: | Slovak |
| Predmet: | |
| Tagy: |
Žiadne tagy, Buďte prvý, kto otaguje tento záznam!
|
MARC
| LEADER | 00000naa$a2200000$$$4500 | ||
|---|---|---|---|
| 001 | 0107923 | ||
| 005 | 20240502072206.6 | ||
| 041 | 0 | |a slo | |
| 044 | |a SK | ||
| 245 | 1 | 0 | |a Poplatky, poplatky, och tie poplatky... |b sú v kolektívnom investovaní vysoké alebo nízke? |c Michal Šinský |
| 520 | |a Poplatky spojené s investovaním do fondov. Ukazovatele nákladovosti pre vybrané krajiny a typy fondov. Správcovský poplatok za manažérske služby (management fees, skratka MGT). Ukazovatele TER (total expense ratio) a TSC (total shareholder charges). Medzinárodná asociácia EFAMA (European Fund and Asset Managemant Association). Poplatky a legislatívny systém. | ||
| 610 | 2 | 0 | |a investovanie kolektívne |
| 610 | 2 | 0 | |a trh finančný |
| 610 | 2 | 0 | |a investori |
| 610 | 2 | 0 | |a poplatky |
| 610 | 2 | 0 | |a ukazovatele |
| 610 | 2 | 0 | |a náklady |
| 610 | 2 | 0 | |a fondy podielové |
| 610 | 2 | 0 | |a fondy akciové |
| 610 | 2 | 0 | |a fondy investičné |
| 610 | 2 | 0 | |a legislatíva |
| 100 | 1 | |a Šinský, Michal | |